Loreto College Library, Kolkata
WEBOPAC (ONLINE PUBLIC ACCESS CATALOGUE)

Boiled beans on toast (Record no. 41265)

MARC details
000 -LEADER
fixed length control field 00497nam a22001937a 4500
005 - DATE AND TIME OF LATEST TRANSACTION
control field 20170831152649.0
008 - FIXED-LENGTH DATA ELEMENTS--GENERAL INFORMATION
fixed length control field 170831b xxu||||| |||| 00| 0 eng d
020 ## - ISBN | অাই এস বি এন
ISBN | অাই এস বি এন 9780198098607
PRICE Rs 195
040 ## - CATALOGING SOURCE
Language of cataloging eng
041 ## - LANGUAGE CODE
Language code English
082 ## - DDC | ডিউই
Classification number | বর্গসংখ্যা 822(I)
Book Number | গ্রন্থাঙ্ক KAR
100 ## - MAIN ENTRY--PERSONAL NAME | মুখ্য সংলেখ - ব্যাক্তিনাম
Personal name | ব্যাক্তিনাম Karnad, Girish
245 ## - TITLE STATEMENT | অাখ্যা বিবরণী
Title | অাখ্যা Boiled beans on toast
Sub title | উপঅাখ্যা A play
Statement of responsibility | লেখকের দায়িত্বের বিবরণ Girish Karnad
260 ## - IMPRINT | প্রকাশনা ক্ষেত্র
Place of publication | প্রকাশ স্থান New Delhi
Name of publisher | প্রকাশকের নাম Oxford University Press
Date of publication | প্রকাশ কাল 2014
300 ## - PHYSICAL DESCRIPTION |
Page / Vol. No | পৃষ্ঠা / খন্ড সংখ্যা 82p
Other physical details | অনান্য বাহ্যিক বিবরণ 23 cm
650 ## - SUBJECT ADDED ENTRY--TOPICAL TERM | বিষয় শিরোনাম - মূল বিষয়
Topical term | মূল বিষয় Drama in English
850 ## - HOLDING INSTITUTION
Holding institution LCLIB
942 ## - ADDED ENTRY ELEMENTS (KOHA)
Koha item type Books
Holdings
Withdrawn status Lost status Source of classification Damaged status Not for loan Home library Current library Date acquired Price Total Checkouts Full call number Accession No. Date last seen Price effective from Koha item type
    Dewey Decimal Classification     Loreto College Loreto College 31/08/2017 195.00   822(I) KAR 51685 45006 31/08/2017 31/08/2017 Books